000 00989cab a22001935a 4500
001 L143583
008 080520s2008 xxk f 000 0 eng d
035 _a(Sirsi) u143583
041 0 _aeng
100 1 _aWalker, David
245 0 0 _aSustainability
_benvironmental management, transparency and competitive advantage
260 _c2008
490 0 _aJournal of Retail and Leisure Property
_v7(2), 119-130(12)
520 _aAims to show that environmental management and social reporting is not confined to multi-national companies, but is also shared by smaller commercial organisations. Considers environmental reporting, the important role played by the built environment and shopping centres. Highlights the importance of good environmental reporting. Proposes the adoption of transparent environmental reporting across the board to help sustainability.
590 _aKA
651 4 _aUnited Kingdom
_y
690 _aENVIRONMENTAL AND LAND CONSULTANCY-SUSTAINABILITY
942 _n0
999 _c80232
_d80232